[Event "Bundesliga 9899"]
[Site "Deutschland"]
[Date "1999.01.31"]
[Round "9.4"]
[White "Thesing, Matthias"]
[Black "Schulze, Ulrich"]
[Result "0-1"]
[WhiteElo "2455"]
[BlackElo "2360"]
[PlyCount "142"]
[EventDate "1998.10.17"]
[EventType "team"]
[EventRounds "15"]
[EventCountry "GER"]
[SourceTitle "Bundesliga 9899"]
[Source "DeepChess"]
[SourceDate "2005.01.01"]
[SourceVersion "1"]
[SourceVersionDate "2005.01.01"]
[SourceQuality "1"]
[WhiteTeam "PSV Turm Duisburg 1920 e.V."]
[BlackTeam "SK Viernheim"]
[WhiteTeamCountry "GER"]
[BlackTeamCountry "GER"]

1. e4 Nf6 2. e5 Nd5 3. d4 d6 4. Nf3 g6 5. Bc4 Nb6 6. Bb3 Bg7 7. Ng5 e6 8. Qf3
Qe7 9. Ne4 dxe5 10. Bg5 Qb4+ 11. c3 Qa5 12. Bf6 Bxf6 13. Qxf6 O-O 14. Qxe5 Qxe5
15. dxe5 Nc6 16. f4 Na5 17. Nbd2 Nxb3 18. Nxb3 Nd5 19. g3 b6 20. O-O-O Kg7 21.
Rhe1 Bb7 22. c4 Nb4 23. a3 Na6 24. Kc2 Rfd8 25. Rxd8 Rxd8 26. Nbd2 Nb8 27. Kc3
h5 28. b4 Nc6 29. Nb3 Ne7 30. Nd4 Bxe4 31. Rxe4 a6 32. Re1 Kf8 33. a4 Ke8 34.
Ra1 Kd7 35. a5 Nc6 36. Nb3 Nb8 37. b5 axb5 38. cxb5 bxa5 39. Rxa5 Ke8 40. Ra7
Rc8 41. Nc5 Nd7 42. Kb4 Nb6 43. Ne4 Nd5+ 44. Kc5 Rb8 45. Nf6+ Nxf6 46. exf6 Kd7
47. h3 Kd8 48. g4 hxg4 49. hxg4 Kd7 50. g5 Kc8 51. Ra1 Kb7 52. Rd1 Kc8 53. Rh1
Kd7 54. Rh7 Rf8 55. Rg7 e5 56. f5 gxf5 57. g6 Ke6 58. Kc6 Kxf6 59. Rxf7+ Rxf7
60. gxf7 Kxf7 61. Kxc7 e4 62. b6 e3 63. b7 e2 64. b8=Q e1=Q 65. Kc6 Qc3+ 66.
Kd5 Qd3+ 67. Kc5 Qe3+ 68. Kc4 f4 69. Qh8 Kg6 70. Qd4 Qxd4+ 71. Kxd4 Kf5 0-1

[Event "Bundesliga 9899"]
[Site "Deutschland"]
[Date "1999.01.31"]
[Round "9.5"]
[White "Schwalfenberg, Joerg"]
[Black "Volke, Karsten"]
[Result "1/2-1/2"]
[WhiteElo "2360"]
[BlackElo "2455"]
[PlyCount "40"]
[EventDate "1998.10.17"]
[EventType "team"]
[EventRounds "15"]
[EventCountry "GER"]
[SourceTitle "Bundesliga 9899"]
[Source "DeepChess"]
[SourceDate "2005.01.01"]
[SourceVersion "1"]
[SourceVersionDate "2005.01.01"]
[SourceQuality "1"]
[WhiteTeam "SK Viernheim"]
[BlackTeam "PSV Turm Duisburg 1920 e.V."]
[WhiteTeamCountry "GER"]
[BlackTeamCountry "GER"]

1. Nf3 c5 2. c4 Nf6 3. Nc3 g6 4. g3 b6 5. Bg2 Bb7 6. O-O Bg7 7. d4 cxd4 8. Qxd4
d6 9. Rd1 Nbd7 10. Nd5 O-O 11. Qh4 Rc8 12. Bg5 b5 13. Nd4 Rxc4 14. Nxe7+ Qxe7
15. Bxb7 Nc5 16. Bd5 h6 17. Bxf6 Bxf6 18. Qxh6 Rxd4 19. Qxg6+ Kh8 20. Qh6+ Kg8
1/2-1/2

[Event "Bundesliga 9899"]
[Site "Deutschland"]
[Date "1999.01.31"]
[Round "9.6"]
[White "Kraut, Rainer"]
[Black "Mandel, Andreas"]
[Result "1/2-1/2"]
[WhiteElo "2460"]
[BlackElo "2360"]
[PlyCount "28"]
[EventDate "1998.10.17"]
[EventType "team"]
[EventRounds "15"]
[EventCountry "GER"]
[SourceTitle "Bundesliga 9899"]
[Source "DeepChess"]
[SourceDate "2005.01.01"]
[SourceVersion "1"]
[SourceVersionDate "2005.01.01"]
[SourceQuality "1"]
[WhiteTeam "PSV Turm Duisburg 1920 e.V."]
[BlackTeam "SK Viernheim"]
[WhiteTeamCountry "GER"]
[BlackTeamCountry "GER"]

1. e4 c5 2. Nf3 d6 3. Bb5+ Nd7 4. d4 Ngf6 5. Bxd7+ Nxd7 6. O-O e6 7. dxc5 Nxc5
8. Bg5 Qc7 9. Re1 Nd7 10. a4 Ne5 11. Nd4 Bd7 12. Kh1 h6 13. Bh4 g5 14. Bg3
O-O-O 1/2-1/2

[Event "Bundesliga 9899"]
[Site "Deutschland"]
[Date "1999.01.31"]
[Round "9.7"]
[White "Grund, Holger"]
[Black "Zude, Arno"]
[Result "1-0"]
[WhiteElo "2390"]
[BlackElo "2395"]
[PlyCount "63"]
[EventDate "1998.10.17"]
[EventType "team"]
[EventRounds "15"]
[EventCountry "GER"]
[SourceTitle "Bundesliga 9899"]
[Source "DeepChess"]
[SourceDate "2005.01.01"]
[SourceVersion "1"]
[SourceVersionDate "2005.01.01"]
[SourceQuality "1"]
[WhiteTeam "SK Viernheim"]
[BlackTeam "PSV Turm Duisburg 1920 e.V."]
[WhiteTeamCountry "GER"]
[BlackTeamCountry "GER"]

1. e4 e6 2. d4 d5 3. Nc3 Bb4 4. e5 c5 5. a3 Bxc3+ 6. bxc3 Ne7 7. a4 Qa5 8. Qd2
Nbc6 9. Nf3 Bd7 10. Bd3 c4 11. Be2 f6 12. O-O Ng6 13. Ba3 O-O-O 14. Rfb1 fxe5
15. dxe5 Ngxe5 16. Nxe5 Nxe5 17. Qd4 Nc6 18. Qxg7 Rhg8 19. Qf6 Rg6 20. Qf3 Rdg8
21. g3 Qc7 22. Qe3 Rg5 23. Bf1 h5 24. Bg2 h4 25. a5 Re5 26. Qf4 Re2 27. Bd6 Qd8
28. Ra2 e5 29. Qf7 e4 30. Bh3 Re8 31. a6 b6 32. Qxd5 1-0

[Event "Bundesliga 9899"]
[Site "Deutschland"]
[Date "1999.01.31"]
[Round "9.8"]
[White "Kummerow, Heiko"]
[Black "Kratochwil, Christian"]
[Result "1-0"]
[WhiteElo "2288"]
[BlackElo "2280"]
[PlyCount "83"]
[EventDate "1998.10.17"]
[EventType "team"]
[EventRounds "15"]
[EventCountry "GER"]
[SourceTitle "Bundesliga 9899"]
[Source "DeepChess"]
[SourceDate "2005.01.01"]
[SourceVersion "1"]
[SourceVersionDate "2005.01.01"]
[SourceQuality "1"]
[WhiteTeam "PSV Turm Duisburg 1920 e.V."]
[BlackTeam "SK Viernheim"]
[WhiteTeamCountry "GER"]
[BlackTeamCountry "GER"]

1. e4 c5 2. Nf3 Nc6 3. d4 cxd4 4. Nxd4 g6 5. c4 Bg7 6. Be3 Nf6 7. Nc3 d6 8. Be2
O-O 9. O-O Bd7 10. f3 Nxd4 11. Bxd4 a5 12. b3 Bc6 13. Qd2 Nd7 14. Be3 Nc5 15.
Rab1 Qb6 16. Rfc1 Rfc8 17. Bd1 Qd8 18. a3 Qf8 19. b4 axb4 20. axb4 Ne6 21. b5
Be8 22. Na4 h5 23. Nb6 Ra3 24. Bf2 Rc5 25. Qb4 Ra2 26. Rc2 Rxc2 27. Bxc2 Bd4
28. Bxd4 Nxd4 29. Qd2 Qg7 30. Bd3 h4 31. h3 e6 32. Rd1 f6 33. Bf1 e5 34. Qf2 g5
35. Ra1 Qc7 36. Nd5 Qd8 37. f4 Bg6 38. fxe5 fxe5 39. Ra7 Rxd5 40. cxd5 Qb6 41.
Ra8+ Kh7 42. Kh1 1-0

[Event "Bundesliga 9899"]
[Site "Deutschland"]
[Date "1999.01.31"]
[Round "9.2"]
[White "Van der Sterren, Paul"]
[Black "Luther, Thomas"]
[Result "1-0"]
[WhiteElo "2559"]
[BlackElo "2542"]
[PlyCount "65"]
[EventDate "1998.10.17"]
[EventType "team"]
[EventRounds "15"]
[EventCountry "GER"]
[SourceTitle "Bundesliga 9899"]
[Source "DeepChess"]
[SourceDate "2005.01.01"]
[SourceVersion "1"]
[SourceVersionDate "2005.01.01"]
[SourceQuality "1"]
[WhiteTeam "SV Castrop Rauxel 1923"]
[BlackTeam "SF Neukoelln 03 e.V."]
[WhiteTeamCountry "GER"]
[BlackTeamCountry "GER"]

1. c4 e6 2. g3 d5 3. Bg2 dxc4 4. Qa4+ c6 5. Qxc4 b5 6. Qc2 Bb7 7. a4 a6 8. Nc3
Nd7 9. Nf3 Ngf6 10. O-O Be7 11. d4 O-O 12. Bg5 h6 13. Bxf6 Nxf6 14. Ne4 Nxe4
15. Qxe4 Rb8 16. Qe3 Qb6 17. Ne5 Rfd8 18. Qf4 Bf6 19. Nd7 Rxd7 20. Qxb8+ Rd8
21. Qf4 Rxd4 22. Qe3 c5 23. Bxb7 Qxb7 24. axb5 Qxb5 25. Qf3 Rd8 26. Rad1 Rb8
27. Rd2 c4 28. Rc2 a5 29. Qe4 Bxb2 30. Rxc4 Qf5 31. Qxf5 exf5 32. Rb1 g6 33.
Rc2 1-0

[Event "Bundesliga 9899"]
[Site "Deutschland"]
[Date "1999.01.31"]
[Round "9.4"]
[White "Gallagher, Joseph G"]
[Black "Bunzmann, Dimitrij"]
[Result "1-0"]
[WhiteElo "2519"]
[BlackElo "2555"]
[PlyCount "171"]
[EventDate "1998.10.17"]
[EventType "team"]
[EventRounds "15"]
[EventCountry "GER"]
[SourceTitle "Bundesliga 9899"]
[Source "DeepChess"]
[SourceDate "2005.01.01"]
[SourceVersion "1"]
[SourceVersionDate "2005.01.01"]
[SourceQuality "1"]
[WhiteTeam "SV Castrop Rauxel 1923"]
[BlackTeam "SF Neukoelln 03 e.V."]
[WhiteTeamCountry "GER"]
[BlackTeamCountry "GER"]

1. e4 e6 2. Qe2 c5 3. g3 Nc6 4. Nf3 g6 5. Bg2 Bg7 6. d3 Nge7 7. h4 h6 8. c3 d6
9. O-O O-O 10. Na3 Rb8 11. d4 cxd4 12. cxd4 Kh7 13. Rd1 Qa5 14. d5 Ne5 15. Nxe5
Bxe5 16. Nc4 Qa6 17. Bf1 Bg7 18. dxe6 Bxe6 19. Bf4 Bxc4 20. Qxc4 Qxc4 21. Bxc4
b5 22. Bf1 Nc8 23. Rd2 Re8 24. f3 Bf6 25. Rc1 Kg7 26. Bh3 g5 27. hxg5 hxg5 28.
Be3 Nb6 29. b3 d5 30. Bxb6 Rxb6 31. Rxd5 Rd8 32. Bd7 Rb7 33. Rcd1 b4 34. Bc6
Rbb8 35. Kg2 Rdc8 36. Bd7 Rc2+ 37. R1d2 Rc1 38. e5 Be7 39. Bh3 Bc5 40. Rd7 Kg6
41. Rd1 Rc3 42. R1d2 Re8 43. R7d5 Re7 44. Bd7 Be3 45. Re2 Bc5 46. Bb5 Kg7 47.
Bd3 Bb6 48. f4 gxf4 49. gxf4 Bc7 50. Kf3 Kf8 51. Kg4 Rc6 52. Kf5 Rh6 53. Bc4
Kg7 54. Red2 Kf8 55. Rd7 Bb6 56. Rxe7 Kxe7 57. Bb5 Rh5+ 58. Kg4 Rh1 59. Rd7+
Kf8 60. Bc4 Rh7 61. Kf5 Be3 62. Rb7 Bb6 63. Bd5 Rg7 64. Rb8+ Ke7 65. Bc6 Bd8
66. Rxb4 a5 67. Rd4 Bb6 68. Rd7+ Kf8 69. Rb7 Bd8 70. Rb8 Ke7 71. a3 Rh7 72.
Rb7+ Kf8 73. Bd5 Rh5+ 74. Kg4 Rh4+ 75. Kg3 Rh7 76. f5 Rg7+ 77. Kf3 f6 78. Rb8
Rd7 79. Be6 Rd1 80. exf6 Ke8 81. b4 axb4 82. axb4 Rd2 83. b5 Rd6 84. Ke4 Rd1
85. b6 Re1+ 86. Kf3 1-0

[Event "Bundesliga 9899"]
[Site "Deutschland"]
[Date "1999.01.31"]
[Round "9.5"]
[White "Berndt, Stephan"]
[Black "Seul, Georg"]
[Result "1/2-1/2"]
[WhiteElo "2501"]
[BlackElo "2441"]
[PlyCount "113"]
[EventDate "1998.10.17"]
[EventType "team"]
[EventRounds "15"]
[EventCountry "GER"]
[SourceTitle "Bundesliga 9899"]
[Source "DeepChess"]
[SourceDate "2005.01.01"]
[SourceVersion "1"]
[SourceVersionDate "2005.01.01"]
[SourceQuality "1"]
[WhiteTeam "SF Neukoelln 03 e.V."]
[BlackTeam "SV Castrop Rauxel 1923"]
[WhiteTeamCountry "GER"]
[BlackTeamCountry "GER"]

1. e4 d6 2. d4 g6 3. Nc3 Bg7 4. f4 Nc6 5. Be3 Nf6 6. Be2 e6 7. Nf3 O-O 8. O-O
Ng4 9. Bc1 Nf6 10. e5 Nd7 11. Ne4 d5 12. Nf2 Ne7 13. Nd3 b6 14. c3 a5 15. g4 c5
16. Be3 Qc7 17. Qe1 c4 18. Nf2 f5 19. exf6 Bxf6 20. Nh1 b5 21. Ng3 Rb8 22. h4
Bg7 23. Qd2 Nf6 24. Ne5 b4 25. Bf3 Nd7 26. Rf2 Qd6 27. Kg2 a4 28. a3 bxc3 29.
bxc3 Nf6 30. Bd1 Qa6 31. Bc2 Qa5 32. Rh1 Rb2 33. h5 Ra2 34. hxg6 hxg6 35. Qe1
Rxa3 36. Bd2 Ra2 37. Qb1 Rxc2 38. Qxc2 Ne4 39. Nxe4 dxe4 40. Nxc4 Qa6 41. Ne3
a3 42. Ra1 Nd5 43. Nxd5 exd5 44. Qd1 Re8 45. Be3 Bf8 46. Kg3 Qc4 47. Qd2 Bd7
48. Rc1 Bd6 49. Qa2 Qxa2 50. Rxa2 g5 51. Rf2 Rf8 52. Rb1 a2 53. Ra1 Rc8 54. Rc2
Rf8 55. Rf2 Rc8 56. Rc2 Rf8 57. Rf2 1/2-1/2

[Event "Bundesliga 9899"]
[Site "Deutschland"]
[Date "1999.01.31"]
[Round "9.6"]
[White "Appel, Ralf"]
[Black "Brynell, Stellan"]
[Result "1/2-1/2"]
[WhiteElo "2490"]
[BlackElo "2489"]
[PlyCount "48"]
[EventDate "1998.10.17"]
[EventType "team"]
[EventRounds "15"]
[EventCountry "GER"]
[SourceTitle "Bundesliga 9899"]
[Source "DeepChess"]
[SourceDate "2005.01.01"]
[SourceVersion "1"]
[SourceVersionDate "2005.01.01"]
[SourceQuality "1"]
[WhiteTeam "SV Castrop Rauxel 1923"]
[BlackTeam "SF Neukoelln 03 e.V."]
[WhiteTeamCountry "GER"]
[BlackTeamCountry "GER"]

1. d4 d5 2. Nf3 Nf6 3. Bf4 c5 4. e3 Nc6 5. c3 Qb6 6. Qb3 c4 7. Qc2 Bf5 8. Qc1
h6 9. h3 e6 10. Nbd2 Be7 11. Be2 O-O 12. O-O Qd8 13. Re1 b5 14. Bd1 Bd6 15. Bc2
Qc7 16. Bxd6 Qxd6 17. e4 dxe4 18. Nxe4 Nxe4 19. Bxe4 Bxe4 20. Rxe4 Rab8 21. a3
a5 22. Qf1 Qd5 23. Re3 Rfe8 24. Qe2 Rb7 1/2-1/2

[Event "Bundesliga 9899"]
[Site "Deutschland"]
[Date "1999.01.31"]
[Round "9.7"]
[White "Polzin, Rainer"]
[Black "Dinstuhl, Volkmar"]
[Result "1-0"]
[WhiteElo "2443"]
[BlackElo "2410"]
[PlyCount "39"]
[EventDate "1998.10.17"]
[EventType "team"]
[EventRounds "15"]
[EventCountry "GER"]
[SourceTitle "Bundesliga 9899"]
[Source "DeepChess"]
[SourceDate "2005.01.01"]
[SourceVersion "1"]
[SourceVersionDate "2005.01.01"]
[SourceQuality "1"]
[WhiteTeam "SF Neukoelln 03 e.V."]
[BlackTeam "SV Castrop Rauxel 1923"]
[WhiteTeamCountry "GER"]
[BlackTeamCountry "GER"]

1. e4 c5 2. Nc3 d6 3. f4 Nf6 4. Nf3 a6 5. a4 Nc6 6. Be2 e6 7. d4 cxd4 8. Nxd4
Be7 9. Be3 Qc7 10. O-O O-O 11. Kh1 Re8 12. g4 Bf8 13. g5 Nd7 14. Bf3 Rb8 15.
Bg2 Nxd4 16. Bxd4 b6 17. Qh5 g6 18. Qh4 Bb7 19. Rf3 Qd8 20. Qxh7+ 1-0

[Event "Bundesliga 9899"]
[Site "Deutschland"]
[Date "1999.01.31"]
[Round "9.1"]
[White "Jussupow, Artur"]
[Black "Onischuk, Alexander"]
[Result "1/2-1/2"]
[WhiteElo "2641"]
[BlackElo "2646"]
[PlyCount "52"]
[EventDate "1998.10.17"]
[EventType "team"]
[EventRounds "15"]
[EventCountry "GER"]
[SourceTitle "Bundesliga 9899"]
[Source "DeepChess"]
[SourceDate "2005.01.01"]
[SourceVersion "1"]
[SourceVersionDate "2005.01.01"]
[SourceQuality "1"]
[WhiteTeam "SG 1868 Aljech. Solingen"]
[BlackTeam "USC Magdeburg"]
[WhiteTeamCountry "GER"]
[BlackTeamCountry "GER"]

1. d4 Nf6 2. c4 e6 3. Nc3 Bb4 4. e3 b6 5. Nge2 Bb7 6. a3 Be7 7. d5 exd5 8. cxd5
O-O 9. g3 Re8 10. Bg2 c6 11. O-O Bf8 12. b4 a5 13. b5 cxb5 14. Nxb5 Na6 15. Bb2
Rc8 16. Rb1 Ne4 17. Bd4 Nac5 18. Nec3 Nxc3 19. Nxc3 Ba6 20. Re1 Bd3 21. Rb2 Bc4
22. Bf1 b5 23. Nxb5 Bxd5 24. Na7 Rc7 25. Nb5 Rc8 26. Na7 Rc7 1/2-1/2

[Event "Bundesliga 9899"]
[Site "Deutschland"]
[Date "1999.01.31"]
[Round "9.4"]
[White "Rogozenko, Dorian"]
[Black "Huebner, Robert"]
[Result "1/2-1/2"]
[WhiteElo "2557"]
[BlackElo "2585"]
[PlyCount "43"]
[EventDate "1998.10.17"]
[EventType "team"]
[EventRounds "15"]
[EventCountry "GER"]
[SourceTitle "Bundesliga 9899"]
[Source "DeepChess"]
[SourceDate "2005.01.01"]
[SourceVersion "1"]
[SourceVersionDate "2005.01.01"]
[SourceQuality "1"]
[WhiteTeam "USC Magdeburg"]
[BlackTeam "SG 1868 Aljech. Solingen"]
[WhiteTeamCountry "GER"]
[BlackTeamCountry "GER"]

1. d4 d5 2. c4 c6 3. e3 Nf6 4. Nc3 g6 5. Qb3 Bg7 6. Bd3 O-O 7. Nf3 e6 8. O-O
Nbd7 9. Bd2 b6 10. cxd5 exd5 11. e4 dxe4 12. Nxe4 c5 13. Nxf6+ Nxf6 14. dxc5
bxc5 15. Bc4 Qc7 16. Rfe1 Rb8 17. Qa4 Rxb2 18. Ba5 Qd7 19. Qa3 Ng4 20. Bc3 Bxc3
21. Qxc3 Rb6 22. h3 1/2-1/2

[Event "Bundesliga 9899"]
[Site "Deutschland"]
[Date "1999.01.31"]
[Round "9.6"]
[White "Naumann, Alexander"]
[Black "Gabriel, Christian"]
[Result "0-1"]
[WhiteElo "2480"]
[BlackElo "2581"]
[PlyCount "70"]
[EventDate "1998.10.17"]
[EventType "team"]
[EventRounds "15"]
[EventCountry "GER"]
[SourceTitle "Bundesliga 9899"]
[Source "DeepChess"]
[SourceDate "2005.01.01"]
[SourceVersion "1"]
[SourceVersionDate "2005.01.01"]
[SourceQuality "1"]
[WhiteTeam "USC Magdeburg"]
[BlackTeam "SG 1868 Aljech. Solingen"]
[WhiteTeamCountry "GER"]
[BlackTeamCountry "GER"]

1. Nf3 g6 2. c4 Bg7 3. d4 d6 4. Nc3 Nf6 5. e4 O-O 6. Be2 e5 7. O-O Nc6 8. d5
Ne7 9. b4 Ne8 10. c5 f5 11. Nd2 Nf6 12. a4 Rf7 13. Ba3 g5 14. b5 Bf8 15. a5 b6
16. axb6 axb6 17. cxd6 cxd6 18. Nc4 Ng6 19. exf5 Bxf5 20. Ne3 Bd7 21. Re1 Nf4
22. Bf1 h5 23. Bb4 Rc8 24. Ra6 Rb8 25. Qa1 g4 26. Ra7 h4 27. Qa3 Rc8 28. Rd1 g3
29. hxg3 hxg3 30. fxg3 N4h5 31. Ne2 Ne4 32. Be1 Bh6 33. g4 Rc3 34. Nxc3 Bxe3+
35. Kh2 Nhg3 0-1

[Event "Bundesliga 9899"]
[Site "Deutschland"]
[Date "1999.01.31"]
[Round "9.7"]
[White "Bischoff, Klaus"]
[Black "Machelett, Heiko"]
[Result "1-0"]
[WhiteElo "2521"]
[BlackElo "2436"]
[PlyCount "69"]
[EventDate "1998.10.17"]
[EventType "team"]
[EventRounds "15"]
[EventCountry "GER"]
[SourceTitle "Bundesliga 9899"]
[Source "DeepChess"]
[SourceDate "2005.01.01"]
[SourceVersion "1"]
[SourceVersionDate "2005.01.01"]
[SourceQuality "1"]
[WhiteTeam "SG 1868 Aljech. Solingen"]
[BlackTeam "USC Magdeburg"]
[WhiteTeamCountry "GER"]
[BlackTeamCountry "GER"]

1. c4 g6 2. Nc3 Bg7 3. d4 d6 4. e4 Nf6 5. Be2 O-O 6. Bg5 Na6 7. Qc2 c5 8. d5 h6
9. Be3 e6 10. dxe6 Bxe6 11. Rd1 Qa5 12. a3 Rfe8 13. Nf3 Rad8 14. O-O Bg4 15.
Rd2 Qc7 16. h3 Bc8 17. Bd3 Qe7 18. Re2 Nc7 19. Qa4 a6 20. Qa5 Nh5 21. Rfe1 Ne6
22. Nd5 Qf8 23. Qd2 g5 24. b4 Nf6 25. Rb1 Nd7 26. Ree1 Ne5 27. Be2 Nc6 28. Nh2
Ned4 29. Bxd4 Nxd4 30. Bg4 f5 31. exf5 Nxf5 32. Nb6 Rxe1+ 33. Rxe1 Ne7 34. Nxc8
Nxc8 35. Qd5+ 1-0

[Event "Bundesliga 9899"]
[Site "Deutschland"]
[Date "1999.01.31"]
[Round "9.8"]
[White "Kapischka, Jens"]
[Black "Norwood, David"]
[Result "0-1"]
[WhiteElo "2315"]
[BlackElo "2535"]
[PlyCount "54"]
[EventDate "1998.10.17"]
[EventType "team"]
[EventRounds "15"]
[EventCountry "GER"]
[SourceTitle "Bundesliga 9899"]
[Source "DeepChess"]
[SourceDate "2005.01.01"]
[SourceVersion "1"]
[SourceVersionDate "2005.01.01"]
[SourceQuality "1"]
[WhiteTeam "USC Magdeburg"]
[BlackTeam "SG 1868 Aljech. Solingen"]
[WhiteTeamCountry "GER"]
[BlackTeamCountry "GER"]

1. Nf3 g6 2. g3 Bg7 3. Bg2 e5 4. d3 d5 5. O-O Ne7 6. e4 O-O 7. Nbd2 Nbc6 8. c3
a5 9. a4 h6 10. Re1 Be6 11. Qc2 g5 12. exd5 Bxd5 13. Nc4 Ng6 14. Ne3 Be6 15. d4
exd4 16. cxd4 g4 17. Nd2 Nxd4 18. Qd1 Ne5 19. Ra3 Qf6 20. Nc2 Rad8 21. Nxd4
Rxd4 22. Qc2 Rfd8 23. Ne4 Qe7 24. Be3 Rc4 25. Qe2 Nf3+ 26. Bxf3 gxf3 27. Qxf3
Bd5 0-1

[Event "Bundesliga 9899"]
[Site "Deutschland"]
[Date "1999.01.31"]
[Round "9.1"]
[White "Sokolovs, Andrei"]
[Black "Lutz, Christopher"]
[Result "1/2-1/2"]
[WhiteElo "2490"]
[BlackElo "2610"]
[PlyCount "44"]
[EventDate "1998.10.17"]
[EventType "team"]
[EventRounds "15"]
[EventCountry "GER"]
[SourceTitle "Bundesliga 9899"]
[Source "DeepChess"]
[SourceDate "2005.01.01"]
[SourceVersion "1"]
[SourceVersionDate "2005.01.01"]
[SourceQuality "1"]
[WhiteTeam "SK Zaehringen 1921"]
[BlackTeam "SG Porz e.V."]
[WhiteTeamCountry "GER"]
[BlackTeamCountry "GER"]

1. e4 c5 2. Nf3 d6 3. d4 cxd4 4. Nxd4 Nf6 5. Nc3 a6 6. f4 e5 7. Nf3 Nbd7 8. a4
Be7 9. Bd3 O-O 10. O-O exf4 11. Kh1 Ne5 12. Bxf4 Qc7 13. Bg3 Be6 14. Nd4 Qb6
15. Nce2 Rfe8 16. Nxe6 fxe6 17. Nf4 Bd8 18. Nh5 Qc5 19. Bf2 Qb4 20. Be1 Qc5 21.
Bf2 Qb4 22. Be1 Qc5 1/2-1/2

[Event "Bundesliga 9899"]
[Site "Deutschland"]
[Date "1999.01.31"]
[Round "9.4"]
[White "Andersson, Ulf"]
[Black "Roos, Daniel"]
[Result "1-0"]
[WhiteElo "2623"]
[BlackElo "2425"]
[PlyCount "77"]
[EventDate "1998.10.17"]
[EventType "team"]
[EventRounds "15"]
[EventCountry "GER"]
[SourceTitle "Bundesliga 9899"]
[Source "DeepChess"]
[SourceDate "2005.01.01"]
[SourceVersion "1"]
[SourceVersionDate "2005.01.01"]
[SourceQuality "1"]
[WhiteTeam "SG Porz e.V."]
[BlackTeam "SK Zaehringen 1921"]
[WhiteTeamCountry "GER"]
[BlackTeamCountry "GER"]

1. d4 Nf6 2. Nf3 g6 3. c4 Bg7 4. g3 O-O 5. Bg2 c6 6. Nc3 d5 7. cxd5 cxd5 8. Ne5
Nc6 9. O-O e6 10. Nxc6 bxc6 11. Na4 Nd7 12. Be3 Re8 13. Rc1 Bb7 14. Qd2 Rc8 15.
b3 Bf8 16. Rc2 a5 17. Qc1 Ra8 18. Bh6 Bd6 19. e4 Qe7 20. Re1 Bb4 21. Bd2 Ba3
22. Qd1 Qf8 23. h4 Rec8 24. h5 c5 25. exd5 Bxd5 26. Bxd5 exd5 27. dxc5 Bxc5 28.
Nxc5 Rxc5 29. Rxc5 Nxc5 30. Bg5 Ne6 31. Qxd5 Nxg5 32. Qxg5 a4 33. h6 axb3 34.
axb3 Qd6 35. Qe3 Rc8 36. Rb1 Qb4 37. Rd1 Qg4 38. Rd4 Qf5 39. Qe7 1-0

[Event "Bundesliga 9899"]
[Site "Deutschland"]
[Date "1999.01.31"]
[Round "9.6"]
[White "Stangl, Markus"]
[Black "Maier, Christian"]
[Result "1-0"]
[WhiteElo "2545"]
[BlackElo "2353"]
[PlyCount "79"]
[EventDate "1998.10.17"]
[EventType "team"]
[EventRounds "15"]
[EventCountry "GER"]
[SourceTitle "Bundesliga 9899"]
[Source "DeepChess"]
[SourceDate "2005.01.01"]
[SourceVersion "1"]
[SourceVersionDate "2005.01.01"]
[SourceQuality "1"]
[WhiteTeam "SG Porz e.V."]
[BlackTeam "SK Zaehringen 1921"]
[WhiteTeamCountry "GER"]
[BlackTeamCountry "GER"]

1. Nf3 Nf6 2. c4 g6 3. g3 Bg7 4. Bg2 O-O 5. O-O d5 6. cxd5 Nxd5 7. d4 Nc6 8. e4
Nb6 9. d5 Na5 10. Nc3 c6 11. Bg5 cxd5 12. exd5 Nac4 13. Qe2 Re8 14. Rfe1 Nxb2
15. Qxb2 Na4 16. Nxa4 Bxb2 17. Nxb2 Qxd5 18. Bxe7 Qb5 19. Bf6 Bf5 20. a4 Qc6
21. Be5 Bg4 22. Ng5 Qa6 23. Bd5 Re7 24. Bc3 Be6 25. Nxe6 fxe6 26. Bc4 Qb6 27.
Re3 Rae8 28. Rae1 Kf8 29. Bb5 Rc8 30. Bb4 Qd4 31. Rf3+ Kg8 32. Bxe7 Qxb2 33.
Bf6 Qd2 34. Rfe3 Kf7 35. Bg5 Qd5 36. h4 a6 37. Bf1 Re8 38. Re5 Qa2 39. a5 Qb2
40. Bc4 1-0

[Event "Bundesliga 9899"]
[Site "Deutschland"]
[Date "1999.01.31"]
[Round "9.7"]
[White "Schuh, Hubert"]
[Black "Vogt, Lothar"]
[Result "1/2-1/2"]
[WhiteElo "2305"]
[BlackElo "2466"]
[PlyCount "76"]
[EventDate "1998.10.17"]
[EventType "team"]
[EventRounds "15"]
[EventCountry "GER"]
[SourceTitle "Bundesliga 9899"]
[Source "DeepChess"]
[SourceDate "2005.01.01"]
[SourceVersion "1"]
[SourceVersionDate "2005.01.01"]
[SourceQuality "1"]
[WhiteTeam "SK Zaehringen 1921"]
[BlackTeam "SG Porz e.V."]
[WhiteTeamCountry "GER"]
[BlackTeamCountry "GER"]

1. d4 Nf6 2. c4 g6 3. Nc3 Bg7 4. e4 d6 5. Nf3 O-O 6. Be2 e5 7. Be3 Ng4 8. Bg5
f6 9. Bh4 Nc6 10. d5 Ne7 11. Nd2 Nh6 12. f3 c5 13. g4 Nf7 14. Bf2 Bh6 15. h4
Bd7 16. Nf1 a6 17. Be3 Bf4 18. Qd2 g5 19. h5 Qa5 20. Kf2 b5 21. Ng3 Bxg3+ 22.
Kxg3 Rfb8 23. a3 bxc4 24. Bxc4 Qc7 25. Rhc1 a5 26. a4 Nc8 27. Nb5 Qb6 28. Ra3
Na7 29. Nxa7 Rxa7 30. Rb3 Qd8 31. Rxb8 Qxb8 32. b3 Bc8 33. Bb5 Ba6 34. Qxa5
Bxb5 35. Qxb5 Rb7 36. Qe2 Rxb3 37. Ra1 Rb2 38. Qd3 Rb3 1/2-1/2

[Event "Bundesliga 9899"]
[Site "Deutschland"]
[Date "1999.01.31"]
[Round "9.8"]
[White "Hort, Vlastimil"]
[Black "Deutschmann, Matthias"]
[Result "1-0"]
[WhiteElo "2526"]
[BlackElo "2137"]
[PlyCount "53"]
[EventDate "1998.10.17"]
[EventType "team"]
[EventRounds "15"]
[EventCountry "GER"]
[SourceTitle "Bundesliga 9899"]
[Source "DeepChess"]
[SourceDate "2005.01.01"]
[SourceVersion "1"]
[SourceVersionDate "2005.01.01"]
[SourceQuality "1"]
[WhiteTeam "SG Porz e.V."]
[BlackTeam "SK Zaehringen 1921"]
[WhiteTeamCountry "GER"]
[BlackTeamCountry "GER"]

1. e4 Nf6 2. e5 Nd5 3. d4 d6 4. Nf3 dxe5 5. Nxe5 Nd7 6. Nd3 e6 7. c4 N5f6 8.
Nc3 c5 9. Be3 cxd4 10. Bxd4 Bd6 11. Be2 a6 12. c5 Bc7 13. O-O e5 14. Be3 Nb8
15. Nb4 O-O 16. Bf3 Qe8 17. Bg5 Nc6 18. Bxc6 bxc6 19. Bxf6 gxf6 20. Qf3 Rb8 21.
Nxc6 Bb7 22. Nd5 Qe6 23. Qxf6 Rfe8 24. Qxe6 Rxe6 25. Nxb8 Bxd5 26. Rfd1 Ba8 27.
Rd2 1-0